Statistics for Largest Stadiums by City

Click here to take the quiz!

General Stats

  • This quiz has been taken 58 times
  • The average score is 22 of 50

Answer Stats

HintAnswer% Correct
98,787Camp NouBarcelona
89%
82,000Twickenham StadiumLondon
89%
90,000Wembley StadiumLondon
89%
105,000Estadio AztecaMexico City
89%
80,000AT&T StadiumArlington
83%
92,100Cotton BowlDallas
83%
80,012Guongdong Olympic StadiumGuangzhou
83%
81,338Stade de FranceParis
83%
92,542Rose BowlLos Angeles
81%
93,607Memorial ColiseumLos Angeles
78%
85,454Estadio Santiago BernabéuMadrid
78%
82,500MetLife StadiumNew York
75%
100,119Texas Memorial StadiumAustin
64%
82,000The SilverdomeDetroit
61%
150,000Rungnado May Day StadiumPyongyang
61%
82,995Stadio Guiseppe MeazzaMilan
56%
109,901Michigan StadiumAnn Arbor
53%
106,102Ohio StadiumColumbus
53%
80,000______ National StadiumBeijing
50%
82,300Croke ParkDublin
50%
82,000FedEx FieldWashington DC
42%
92,746Sanford StadiumAthens
39%
81,264Signal Iduna ParkDortmund
36%
80,750Lambeau FieldGreen Bay
33%
120,000Salt Lake StadiumKolkata
33%
100,024MCGMelbourne
33%
83,500ANZ StadiumSydney
33%
101,821Bryant-Denny StadiumTuscaloosa
33%
94,713Soccer CityJohannesburg
31%
102,455Neyland StadiumKnoxville
31%
80,795Notre Dame StadiumSouth Bend
31%
82,589Kyle FieldCollege Station
28%
106,572Beaver StadiumState College
28%
87,451Jordan-Hare StadiumAuburn
25%
92,542Tiger StadiumBaton Rouge
25%
88,306Gelora Bung Karno StadiumJakarta
25%
80,321Camp Randall StadiumMadison
25%
84,412Azadi StadiumTehran
25%
88,548Ben Hill Griffin StadiumGainesville
22%
100,000Bukit Jalil National StadiumKuala Lumpur
22%
82,300Bobby Bowden StadiumTallahassee
22%
80,093Estadio MonumentalLima
19%
80,250Williams-Brice StadiumColumbia
17%
86,000Borg El Arab StadiumAlexandria
14%
92,000Memorial StadiumLincoln
14%
82,112Gaylord Family Memorial StadiumOklahoma City
14%
80,200Stade 5 Juillet 1962Algiers
11%
80,000Stade des MartyrsKinshasa
11%
81,500Memorial StadiumClemson
8%
80,000Grand Stade de ______Casablanca
6%

Score Distribution

Percentile by Number Answered

Percent of People with Each Score

Your Score History

You have not taken this quiz